| 000 | 00645nam a2200193Ia 4500 | ||
|---|---|---|---|
| 999 |
_c8651 _d8651 |
||
| 005 | 20241215115252.0 | ||
| 008 | 230725s9999 xx 000 0 und d | ||
| 040 |
_aUPAN _cBiblioteca San Vicente _eRCAA2 |
||
| 041 | _aspa | ||
| 082 |
_a510 _bO763m _c2000 |
||
| 100 |
_aOrmaechea, Luis Maria _4aut. |
||
| 245 | 0 |
_aMatemática 2ª año de bachillerato./ _cLuis Maria Ormaechea |
|
| 250 | _a2ª ed. | ||
| 260 |
_aEl Salvador: _bESE, _c2000 |
||
| 300 |
_a294 p.; _c25 cm. |
||
| 505 | _aCapítulo 1. Métodos de Conteo. Capítulo 2. Probabilidad. Capítulo 3. Distribuciones de Probabilidad. | ||
| 650 |
_2LEMB _xMatemática. |
||
| 942 |
_cBK _2ddc |
||